[Event "Madrid ch 2009/10 Semifinal A"]
[Site "Madrid ESP"]
[Date "2010.01.25"]
[Round "7.7"]
[White "Tipter, Napoleon"]
[Black "Iagar, Razvan-Gabriel"]
[Result "0-1"]
[WhiteElo "2052"]
[BlackElo "1980"]
[PlyCount "64"]
[EventDate "2010.01.11"]
[EventType "swiss"]
[EventRounds "9"]
[EventCountry "ESP"]
[Source "lmi"]
[SourceDate "2010.01.11"]

1. e4 e6 2. d4 d5 3. Nc3 Nf6 4. Bg5 Be7 5. e5 Nfd7 6. h4 Nc6 7. a3 f6 8. exf6
Nxf6 9. Nf3 Bd7 10. Bd3 O-O 11. Qe2 a6 12. Nd1 Bd6 13. Ne3 h6 14. O-O-O hxg5
15. hxg5 Ne4 16. g6 Rf6 17. Bxe4 dxe4 18. Ng5 Rxg6 19. Rh8+ Kxh8 20. Nf7+ Kg8
21. Nxd8 Rxd8 22. d5 Ne7 23. g3 exd5 24. Nxd5 Nxd5 25. Rxd5 Re8 26. c4 Bc6 27.
Rf5 Rf8 28. Rxf8+ Kxf8 29. b4 Rf6 30. Qb2 e3 31. f4 Re6 32. Kd1 Bf3+ 0-1

[Event "Madrid ch 2009/10 Semifinal A"]
[Site "Madrid ESP"]
[Date "2010.01.25"]
[Round "7.8"]
[White "Salcedo Tornero, Pablo"]
[Black "Lopez Heras, Arturo"]
[Result "1-0"]
[WhiteElo "2201"]
[BlackElo "2005"]
[PlyCount "109"]
[EventDate "2010.01.11"]
[EventType "swiss"]
[EventRounds "9"]
[EventCountry "ESP"]
[Source "lmi"]
[SourceDate "2010.01.11"]

1. e4 e5 2. Nc3 Nc6 3. Bc4 Nf6 4. d3 Na5 5. Nf3 Nxc4 6. dxc4 Bb4 7. Bd2 O-O 8.
Qe2 c6 9. a3 Bxc3 10. Bxc3 d5 11. exd5 cxd5 12. Bxe5 dxc4 13. O-O Bf5 14. Rfd1
Nd7 15. Qxc4 Nxe5 16. Nxe5 Qf6 17. f4 Rac8 18. Qb4 Rxc2 19. Qxb7 Qh4 20. Rf1
Re2 21. Qb5 Rc2 22. Rad1 Be4 23. Nf3 Qg4 24. Rf2 Bxf3 25. Rxc2 Bxd1 26. Rd2 Bc2
27. Qe5 Qf5 28. Qd4 a5 29. h3 Qe4 30. Qc3 Ba4 31. Rd4 Qc6 32. Qxa5 Qc1+ 33. Kh2
Bc6 34. Rd2 h6 35. Qb4 Re8 36. Qd4 Re1 37. Qd8+ Kh7 38. Qd4 Rh1+ 39. Kg3 Qe1+
40. Qf2 Qe6 41. f5 Qb3+ 42. Kg4 Qa4+ 43. Rd4 Qa8 44. Rd2 Rh2 45. Qf4 Bxg2 46.
Qxh2 Qe4+ 47. Qf4 Bxh3+ 48. Kg3 Bxf5 49. Qxe4 Bxe4 50. a4 Kg6 51. b4 Kf5 52. b5
Ke6 53. a5 Bd5 54. a6 Kd6 55. Rxd5+ 1-0

[Event "Madrid ch 2009/10 Semifinal A"]
[Site "Madrid ESP"]
[Date "2010.01.25"]
[Round "7.9"]
[White "Vazquez Gonzalez, Francisco"]
[Black "Lopez-Andujar Ocaña, Antonio"]
[Result "1/2-1/2"]
[WhiteElo "2088"]
[BlackElo "2083"]
[PlyCount "111"]
[EventDate "2010.01.11"]
[EventType "swiss"]
[EventRounds "9"]
[EventCountry "ESP"]
[Source "lmi"]
[SourceDate "2010.01.11"]

1. e4 e5 2. Nf3 Nc6 3. Bc4 Nf6 4. d3 Be7 5. c3 d6 6. h3 O-O 7. Bb3 Re8 8. O-O
Bf8 9. Bg5 Be6 10. Nbd2 h6 11. Be3 Qd7 12. Kh2 d5 13. exd5 Nxd5 14. Nc4 f6 15.
a4 g6 16. Qc2 Qf7 17. a5 Bg7 18. Ba4 Bd7 19. b4 f5 20. b5 Nd8 21. b6 Nxe3 22.
fxe3 Bxa4 23. Rxa4 axb6 24. axb6 Rxa4 25. Qxa4 e4 26. bxc7 Qxc7+ 27. Kh1 Nc6
28. dxe4 Rxe4 29. Nd4 Kh7 30. Qb5 Ne5 31. Nxe5 Rxe5 32. Qd3 Qe7 33. Rf3 Ra5 34.
Rf1 Qe5 35. Rb1 Qg3 36. Ne2 Qc7 37. Nd4 Ra2 38. Ne6 Qc6 39. Nf4 Bxc3 40. Rc1
Ra1 41. Rxa1 Bxa1 42. Qa3 Bg7 43. Qe7 b5 44. Ne6 Qc1+ 45. Kh2 Qb2 46. Nf8+ Kg8
47. Nxg6 Qf6 48. Qe8+ Kh7 49. Nf4 Qe5 50. Qg6+ Kg8 51. Qb6 Kh7 52. Qg6+ Kg8 53.
Qb6 Bf6 54. Kh1 Kh7 55. Qb7+ Bg7 56. Nh5 1/2-1/2

[Event "Madrid ch 2009/10 Semifinal A"]
[Site "Madrid ESP"]
[Date "2010.01.25"]
[Round "7.10"]
[White "Canseco Arenas, Alfonso"]
[Black "Lorenzo Bailador, Alfredo"]
[Result "0-1"]
[WhiteElo "1826"]
[BlackElo "2078"]
[PlyCount "46"]
[EventDate "2010.01.11"]
[EventType "swiss"]
[EventRounds "9"]
[EventCountry "ESP"]
[Source "lmi"]
[SourceDate "2010.01.11"]

1. c4 e6 2. Nc3 d5 3. cxd5 exd5 4. d4 c6 5. h3 Bf5 6. g4 Bg6 7. Bg2 Nf6 8. Bf4
Bd6 9. e3 Na6 10. a3 Nc7 11. Nge2 Ne6 12. Bxd6 Qxd6 13. f4 Be4 14. O-O Bxg2 15.
Kxg2 g5 16. Ng3 h5 17. Nf5 Qc7 18. fxg5 Nxg5 19. Ng7+ Ke7 20. h4 hxg4 21. Rf4
Ne6 22. Rf2 Nxg7 23. Qf1 Ngh5 0-1

[Event "Madrid ch 2009/10 Semifinal A"]
[Site "Madrid ESP"]
[Date "2010.01.25"]
[Round "7.11"]
[White "Martin Rodriguez, Emilio"]
[Black "Fuentes Arjona, Antonio"]
[Result "1/2-1/2"]
[WhiteElo "2113"]
[BlackElo "2041"]
[PlyCount "127"]
[EventDate "2010.01.11"]
[EventType "swiss"]
[EventRounds "9"]
[EventCountry "ESP"]
[Source "lmi"]
[SourceDate "2010.01.11"]

1. d4 d5 2. c4 c6 3. Nf3 g6 4. Nc3 Bg7 5. Bf4 Nf6 6. e3 O-O 7. Bd3 a6 8. cxd5
Nxd5 9. Nxd5 Qxd5 10. O-O Bg4 11. h3 Bxf3 12. Qxf3 Qxf3 13. gxf3 Nd7 14. Rfd1
e5 15. dxe5 Nxe5 16. Be2 Rfd8 17. Rac1 h6 18. b3 Rac8 19. Kf1 Kf8 20. Bg3 Rxd1+
21. Rxd1 Ke8 22. f4 Nd7 23. h4 Nf6 24. Bf3 Rd8 25. Rxd8+ Kxd8 26. e4 h5 27. Ke2
Ke7 28. Bg2 Nd7 29. f3 Nc5 30. Bh3 Ne6 31. Ke3 Bh6 32. e5 a5 33. Ke4 Nc5+ 34.
Kd4 Ne6+ 35. Bxe6 Kxe6 36. Kc5 Kf5 37. Kb6 Bxf4 38. Be1 g5 39. Kxb7 gxh4 40.
Bxh4 Bg5 41. Bf2 h4 42. Kxc6 h3 43. Bg1 Be3 44. Bh2 Bf4 45. Bg1 Bxe5 46. Kb5
Bg3 47. b4 Kf4 48. bxa5 Kxf3 49. a6 Bb8 50. Kc6 Kg2 51. Kb7 Ba7 52. Bh2 Be3 53.
Bc7 h2 54. Bxh2 Kxh2 55. a7 Bxa7 56. Kxa7 f5 57. a4 f4 58. a5 f3 59. a6 f2 60.
Kb8 f1=Q 61. a7 Qb5+ 62. Ka8 Qc6+ 63. Kb8 Qb6+ 64. Ka8 1/2-1/2

[Event "Madrid ch 2009/10 Semifinal A"]
[Site "Madrid ESP"]
[Date "2010.01.26"]
[Round "8.1"]
[White "Ballesteros Gonzalez, David"]
[Black "Pastor Alonso De Prado, Emilio A"]
[Result "1/2-1/2"]
[WhiteElo "2227"]
[BlackElo "2205"]
[PlyCount "101"]
[EventDate "2010.01.11"]
[EventType "swiss"]
[EventRounds "9"]
[EventCountry "ESP"]
[Source "lmi"]
[SourceDate "2010.01.11"]

1. d4 d5 2. c4 e6 3. Nc3 Nf6 4. Nf3 Be7 5. Bf4 O-O 6. e3 c5 7. dxc5 Bxc5 8. a3
Nc6 9. b4 Bb6 10. c5 Bc7 11. Bxc7 Qxc7 12. Be2 a6 13. Rc1 Bd7 14. O-O b6 15.
Na4 bxc5 16. Nxc5 Qb6 17. Bd3 Nb8 18. Ne5 Bb5 19. Qe2 Ra7 20. Nb3 Nbd7 21. Nxd7
Nxd7 22. f4 e5 23. Kh1 exf4 24. exf4 Nf6 25. Rfe1 Bxd3 26. Qxd3 Ng4 27. Rf1
Nf2+ 28. Rxf2 Qxf2 29. Rf1 Qb6 30. Qxd5 Rd8 31. Qc5 Qb8 32. Nd4 Rad7 33. Nc6
Rd1 34. Rg1 Qxf4 35. Nxd8 Rxd8 36. Qb6 Qd6 37. Qxd6 Rxd6 38. Rb1 Kf8 39. Kg1
Ke7 40. Rb3 Rd2 41. Rf3 Ra2 42. Re3+ Kd6 43. Rf3 Ke6 44. Re3+ Kd6 45. Rc3 f5
46. Rg3 g6 47. Rh3 Ra1+ 48. Kf2 Ra2+ 49. Kf1 Ra1+ 50. Ke2 Ra2+ 51. Kf1 1/2-1/2

[Event "Madrid ch 2009/10 Semifinal A"]
[Site "Madrid ESP"]
[Date "2010.01.26"]
[Round "8.2"]
[White "Cabañas Jimenez, Andres"]
[Black "Rodriguez Yuste, Marcelo"]
[Result "1-0"]
[WhiteElo "2174"]
[BlackElo "2227"]
[PlyCount "107"]
[EventDate "2010.01.11"]
[EventType "swiss"]
[EventRounds "9"]
[EventCountry "ESP"]
[Source "lmi"]
[SourceDate "2010.01.11"]

1. e4 e6 2. d4 d5 3. Nc3 Bb4 4. Bd2 dxe4 5. Qg4 Qxd4 6. O-O-O h5 7. Qh4 Be7 8.
Qg3 Bd6 9. Bf4 h4 10. Qg5 Qf6 11. Qxf6 Nxf6 12. Bxd6 cxd6 13. Nb5 Na6 14. Nxd6+
Ke7 15. Bxa6 bxa6 16. Ne2 Rd8 17. Nxc8+ Raxc8 18. Nc3 Rxd1+ 19. Rxd1 Rc4 20.
Re1 Rd4 21. b3 e5 22. Ne2 Rd7 23. Nc3 Rd4 24. Na4 Ke6 25. Nc5+ Kf5 26. Nxa6 Ng4
27. Re2 Nxh2 28. Nc5 Kg6 29. c3 Rd5 30. Nxe4 f5 31. c4 Rd8 32. Nc3 Kf6 33. Kc2
g5 34. f3 h3 35. Nd5+ Kg6 36. Ne7+ Kf6 37. Nd5+ Kf7 38. gxh3 Nxf3 39. Rf2 e4
40. b4 Ke6 41. Kc3 Ke5 42. b5 Nd4 43. a4 f4 44. Rg2 Nf3 45. Nb4 Kf5 46. c5 e3
47. c6 Nd2 48. Nc2 Ne4+ 49. Kc4 Rd2 50. Nd4+ Rxd4+ 51. Kxd4 f3 52. c7 fxg2 53.
c8=Q+ Kf4 54. Qg4# 1-0

[Event "Madrid ch 2009/10 Semifinal A"]
[Site "Madrid ESP"]
[Date "2010.01.26"]
[Round "8.3"]
[White "Vazquez Gonzalez, Jesus"]
[Black "Ciuro Muñoz, Ricardo"]
[Result "0-1"]
[WhiteElo "2050"]
[BlackElo "2138"]
[PlyCount "60"]
[EventDate "2010.01.11"]
[EventType "swiss"]
[EventRounds "9"]
[EventCountry "ESP"]
[Source "lmi"]
[SourceDate "2010.01.11"]

1. Nc3 e6 2. e4 d5 3. Nf3 dxe4 4. Nxe4 Nd7 5. d4 Ngf6 6. Bd3 Be7 7. O-O O-O 8.
b3 b6 9. Ne5 Bb7 10. Ng5 Nxe5 11. dxe5 Qd5 12. Qf3 Qxe5 13. Qxb7 Bd6 14. g3
Qxa1 15. Ne4 Qd4 16. Be3 Qd5 17. Nxf6+ gxf6 18. Qa6 f5 19. Qa4 Qf3 20. Re1 Qg4
21. Qc6 Rad8 22. f3 Qb4 23. c3 Qa5 24. b4 Qxa2 25. Bc4 Qc2 26. Bb5 Qa2 27. Bc4
Qa3 28. Bd4 Bxb4 29. Bxe6 Rxd4 30. Bxf5 Qxc3 0-1

[Event "Madrid ch 2009/10 Semifinal A"]
[Site "Madrid ESP"]
[Date "2010.01.26"]
[Round "8.4"]
[White "Rodriguez De Castro, Ayar"]
[Black "Lopez De Turiso Sanchez, Jose A"]
[Result "0-1"]
[WhiteElo "2113"]
[BlackElo "2106"]
[PlyCount "58"]
[EventDate "2010.01.11"]
[EventType "swiss"]
[EventRounds "9"]
[EventCountry "ESP"]
[Source "lmi"]
[SourceDate "2010.01.11"]

1. d4 f5 2. c4 Nf6 3. g3 e6 4. Bg2 Be7 5. Nh3 d6 6. Nc3 O-O 7. Nf4 c6 8. Nd3
Qe8 9. O-O Nbd7 10. b3 e5 11. dxe5 dxe5 12. e4 fxe4 13. Nxe4 Nxe4 14. Bxe4 Nf6
15. Bg2 e4 16. Nf4 g5 17. Ne2 Bg4 18. Qc2 Qh5 19. Nc3 Bf3 20. Be3 Ng4 21. h3
Nxe3 22. fxe3 Bc5 23. Nxe4 Bxe3+ 24. Kh2 g4 25. Rae1 Bb6 26. Qb2 Bxe4 27. Rxe4
gxh3 28. Rxf8+ Rxf8 29. Bxh3 Rf2+ 0-1

[Event "Madrid ch 2009/10 Semifinal A"]
[Site "Madrid ESP"]
[Date "2010.01.26"]
[Round "8.5"]
[White "Coleto Calderon, Jose Antonio"]
[Black "Alvarez Abejon, Amilcar"]
[Result "1/2-1/2"]
[WhiteElo "2114"]
[BlackElo "2084"]
[PlyCount "52"]
[EventDate "2010.01.11"]
[EventType "swiss"]
[EventRounds "9"]
[EventCountry "ESP"]
[Source "lmi"]
[SourceDate "2010.01.11"]

1. e4 e6 2. d4 d5 3. Nc3 Bb4 4. Nge2 Nf6 5. e5 Ne4 6. a3 Nxc3 7. Nxc3 Bf8 8.
Ne2 c5 9. c3 Nc6 10. b4 cxd4 11. cxd4 Qb6 12. Rb1 f6 13. f4 Be7 14. Qd3 O-O 15.
Be3 Bd7 16. Nc3 Be8 17. Qd2 fxe5 18. fxe5 Bg6 19. Na4 Qd8 20. Bd3 Bxd3 21. Qxd3
b6 22. Bf2 Qd7 23. Nc3 Rf5 24. O-O Raf8 25. Be3 Rxf1+ 26. Rxf1 Rxf1+ 1/2-1/2

[Event "Madrid ch 2009/10 Semifinal A"]
[Site "Madrid ESP"]
[Date "2010.01.26"]
[Round "8.6"]
[White "Perez Cameselle, Francisco"]
[Black "Iagar, Razvan-Gabriel"]
[Result "1/2-1/2"]
[WhiteElo "1944"]
[BlackElo "1980"]
[PlyCount "79"]
[EventDate "2010.01.11"]
[EventType "swiss"]
[EventRounds "9"]
[EventCountry "ESP"]
[Source "lmi"]
[SourceDate "2010.01.11"]

1. e4 e6 2. d3 d5 3. Nd2 c5 4. Ngf3 Nc6 5. g3 Bd6 6. Bg2 Nge7 7. O-O O-O 8. Qe2
Qc7 9. Re1 f6 10. c3 Bd7 11. a3 a5 12. a4 Rab8 13. Nf1 d4 14. N3d2 Be5 15. c4
Ng6 16. h4 Nb4 17. Nb1 Bd6 18. f4 f5 19. h5 Nh8 20. e5 Be7 21. Nh2 Bc6 22. Nf3
Nf7 23. b3 Be8 24. Na3 Nh6 25. Nb5 Qd7 26. Nh2 Qd8 27. Ba3 Na6 28. Bf3 Nc7 29.
Qg2 Nxb5 30. axb5 b6 31. g4 Kh8 32. g5 Ng8 33. Ra2 Qc7 34. Qh3 Bd7 35. Rg2 Bc8
36. Bc1 Re8 37. Ree2 Bf8 38. Bd2 Bb7 39. Be1 Bxf3 40. Nxf3 1/2-1/2

[Event "Madrid ch 2009/10 Semifinal A"]
[Site "Madrid ESP"]
[Date "2010.01.26"]
[Round "8.7"]
[White "Lopez-Andujar Ocaña, Antonio"]
[Black "Salcedo Tornero, Pablo"]
[Result "1-0"]
[WhiteElo "2083"]
[BlackElo "2201"]
[PlyCount "119"]
[EventDate "2010.01.11"]
[EventType "swiss"]
[EventRounds "9"]
[EventCountry "ESP"]
[Source "lmi"]
[SourceDate "2010.01.11"]

1. c4 e5 2. Nc3 Nc6 3. g3 g6 4. Bg2 Bg7 5. d3 d6 6. e4 Nge7 7. Nge2 O-O 8. Be3
Nd4 9. O-O Kh8 10. f4 f5 11. Rb1 Ng8 12. Bxd4 exd4 13. Nb5 c6 14. Na3 Nf6 15.
exf5 Bxf5 16. h3 Re8 17. Nc2 c5 18. Kh2 Rb8 19. Ng1 b5 20. cxb5 Qa5 21. Na3 Be6
22. Nc4 Bxc4 23. dxc4 Re3 24. Bc6 Qxa2 25. Qc1 Qb3 26. Ra1 Qb4 27. Ra3 Nh5 28.
Nf3 Rf8 29. Rf2 Bh6 30. Rxe3 dxe3 31. Re2 Ng7 32. Qxe3 Qxc4 33. Rd2 Nf5 34.
Qc3+ Qxc3 35. bxc3 Rf7 36. Ng5 Bxg5 37. fxg5 Ne3 38. Re2 Re7 39. Kg1 Nf5 40.
Rd2 Nxg3 41. Rxd6 Ne2+ 42. Kh2 Nxc3 43. Rd3 Ne4 44. Re3 Re5 45. Rxe4 Rxg5 46.
Re8+ Kg7 47. Re7+ Kf6 48. Rxa7 Re5 49. b6 Re2+ 50. Kg3 Rb2 51. b7 Ke5 52. Ra8
Kd6 53. b8=Q+ Rxb8 54. Rxb8 Kxc6 55. Rh8 c4 56. Kf2 h5 57. Rh6 c3 58. Rxg6+ Kd5
59. Ke2 Ke4 60. Rh6 1-0

[Event "Madrid ch 2009/10 Semifinal A"]
[Site "Madrid ESP"]
[Date "2010.01.26"]
[Round "8.8"]
[White "Caceres Rodriguez, Jose J"]
[Black "Tipter, Napoleon"]
[Result "0-1"]
[WhiteElo "2010"]
[BlackElo "2052"]
[PlyCount "142"]
[EventDate "2010.01.11"]
[EventType "swiss"]
[EventRounds "9"]
[EventCountry "ESP"]
[Source "lmi"]
[SourceDate "2010.01.11"]

1. Nf3 Nf6 2. c4 g6 3. Nc3 Bg7 4. e4 d6 5. d4 O-O 6. Be2 e5 7. dxe5 dxe5 8.
Qxd8 Rxd8 9. Bg5 c6 10. Nxe5 Re8 11. O-O-O Nxe4 12. Nxe4 Bxe5 13. Nd6 Bxd6 14.
Rxd6 Nd7 15. Be3 Nf8 16. b4 Bf5 17. Rhd1 h5 18. h3 a5 19. g4 hxg4 20. hxg4 Be4
21. bxa5 Rxa5 22. R6d2 c5 23. Rd8 Rxd8 24. Rxd8 Kg7 25. Bf4 Rxa2 26. Be5+ f6
27. Bb2 Kf7 28. f4 Ne6 29. Rd6 Ke7 30. Rb6 Ra8 31. f5 gxf5 32. gxf5 Nf4 33.
Bxf6+ Kf7 34. Bd1 Bc6 35. Bg5 Nd3+ 36. Kd2 Ne5 37. Bh5+ Kg8 38. Kc3 Ra2 39. Bf4
Rf2 40. Bxe5 Rxf5 41. Bg4 Rxe5 42. Kd3 Rg5 43. Bc8 Rg3+ 44. Kd2 Rg7 45. Ke3 Kf8
46. Kf4 Ke8 47. Ke5 Kd8 48. Be6 Kc7 49. Rb2 Rg3 50. Kf4 Rf3+ 51. Ke5 Re3+ 52.
Kf6 Re4 53. Rb1 Rd4 54. Ke5 Rd2 55. Rb3 Ba4 56. Rb1 Re2+ 57. Kf6 Kd6 58. Rb6+
Bc6 59. Bf5 Rf2 60. Kg5 Ke5 61. Bc8 Kd4 62. Be6 Rc2 63. Bd5 Rxc4 64. Bxc6 bxc6
65. Rxc6 Rc1 66. Kf6 c4 67. Ke6 c3 68. Rc8 Rh1 69. Kd6 Rh6+ 70. Kc7 c2 71. Kb7
Kd3 0-1

[Event "Madrid ch 2009/10 Semifinal A"]
[Site "Madrid ESP"]
[Date "2010.01.26"]
[Round "8.9"]
[White "Lorenzo Bailador, Alfredo"]
[Black "Martin Rodriguez, Emilio"]
[Result "1-0"]
[WhiteElo "2078"]
[BlackElo "2113"]
[PlyCount "81"]
[EventDate "2010.01.11"]
[EventType "swiss"]
[EventRounds "9"]
[EventCountry "ESP"]
[Source "lmi"]
[SourceDate "2010.01.11"]

1. e4 e6 2. d4 d5 3. Nd2 Ne7 4. Ngf3 Ng6 5. h4 h6 6. h5 Ne7 7. Bd3 b6 8. c3 a5
9. Ne5 f6 10. Nef3 c6 11. Nh4 Ba6 12. Nf1 Bxd3 13. Qxd3 Qd7 14. Ng3 Na6 15. O-O
Nc7 16. Re1 O-O-O 17. Bf4 dxe4 18. Qxe4 Ned5 19. Bxc7 Nxc7 20. Ng6 Rg8 21. Nxf8
Rgxf8 22. Re2 f5 23. Qf3 Qd5 24. Qf4 Qd6 25. Qf3 Rf6 26. Rae1 Rg8 27. Re5 g5
28. Nf1 g4 29. Qe2 Rg5 30. Ne3 Kb7 31. a4 Rxh5 32. b4 axb4 33. Rb1 Nd5 34. Nxd5
cxd5 35. Rxb4 Ka7 36. Qb5 Rf7 37. a5 Rb7 38. Qe2 Rg5 39. Rxe6 Qf4 40. axb6+
Rxb6 41. Rexb6 1-0

[Event "Madrid ch 2009/10 Semifinal A"]
[Site "Madrid ESP"]
[Date "2010.01.26"]
[Round "8.10"]
[White "Fuentes Arjona, Antonio"]
[Black "Vazquez Gonzalez, Francisco"]
[Result "0-1"]
[WhiteElo "2041"]
[BlackElo "2088"]
[PlyCount "80"]
[EventDate "2010.01.11"]
[EventType "swiss"]
[EventRounds "9"]
[EventCountry "ESP"]
[Source "lmi"]
[SourceDate "2010.01.11"]

1. Nf3 Nc6 2. e4 e5 3. d4 exd4 4. c3 dxc3 5. Bc4 Nf6 6. Nxc3 Bb4 7. O-O Bxc3 8.
bxc3 d6 9. e5 dxe5 10. Qb3 O-O 11. Rd1 Qe8 12. Ba3 Na5 13. Qb4 Nxc4 14. Qxc4
Bg4 15. Bxf8 e4 16. Re1 Be6 17. Qxc7 exf3 18. Qg3 Qxf8 19. Qxf3 Bd5 20. Qf4 Qc5
21. Re3 Qc6 22. Rd1 Rf8 23. a3 a6 24. h3 Qc5 25. Rg3 Nh5 26. Qe5 Nxg3 27. Rxd5
Ne2+ 28. Kf1 Qxc3 29. Kxe2 Qxa3 30. Rd3 Qa2+ 31. Kf3 Qc4 32. Qe3 Qc6+ 33. Kg3
Qc7+ 34. f4 h6 35. h4 Qc8 36. Qe5 Re8 37. Qd5 Qe6 38. Qf3 b5 39. f5 Qe4 40. Qf1
a5 0-1

[Event "Madrid ch 2009/10 Semifinal A"]
[Site "Madrid ESP"]
[Date "2010.01.26"]
[Round "8.11"]
[White "Lopez Heras, Arturo"]
[Black "Canseco Arenas, Alfonso"]
[Result "1-0"]
[WhiteElo "2005"]
[BlackElo "1826"]
[PlyCount "84"]
[EventDate "2010.01.11"]
[EventType "swiss"]
[EventRounds "9"]
[EventCountry "ESP"]
[Source "lmi"]
[SourceDate "2010.01.11"]

1. e4 c5 2. Nf3 d6 3. d4 cxd4 4. Nxd4 Nf6 5. Nc3 e6 6. g4 Be7 7. Bg2 Nc6 8. g5
Nd7 9. h4 a6 10. Be3 Nde5 11. Qe2 Bd7 12. f4 Ng6 13. O-O-O Nxd4 14. Rxd4 e5 15.
fxe5 Nxe5 16. Rhd1 Bg4 17. Qf1 Bxd1 18. Rxd1 Rc8 19. Bd4 Qa5 20. Bh3 Rc6 21.
Nd5 Qxa2 22. Bxe5 dxe5 23. Bd7+ Kf8 24. Bxc6 bxc6 25. Nc3 Qa1+ 26. Nb1 Qa4 27.
Qf5 f6 28. Qc8+ Kf7 29. Qxh8 Qxe4 30. Nc3 Qxh4 31. gxf6 Bxf6 32. Qc8 Qc4 33.
Qd7+ Kg6 34. Qd3+ Qxd3 35. cxd3 h5 36. Ne4 Kh6 37. Kd2 Be7 38. Rc1 c5 39. Ra1
h4 40. Rxa6+ Kh5 41. Ke2 g5 42. Re6 Bf8 1-0

[Event "Madrid ch 2009/10 Semifinal A"]
[Site "Madrid ESP"]
[Date "2010.01.27"]
[Round "9.1"]
[White "Ciuro Muñoz, Ricardo"]
[Black "Ballesteros Gonzalez, David"]
[Result "1/2-1/2"]
[WhiteElo "2138"]
[BlackElo "2227"]
[PlyCount "62"]
[EventDate "2010.01.11"]
[EventType "swiss"]
[EventRounds "9"]
[EventCountry "ESP"]
[Source "lmi"]
[SourceDate "2010.01.11"]

1. e4 c5 2. Nf3 a6 3. g3 e6 4. d4 cxd4 5. Nxd4 d5 6. Bg2 dxe4 7. Bxe4 Nf6 8.
Bf3 e5 9. Nb3 Qxd1+ 10. Bxd1 Bh3 11. Be3 Nc6 12. a3 Rd8 13. N1d2 Be7 14. Bf3
Nd5 15. Bc5 f5 16. Bxe7 Kxe7 17. O-O-O e4 18. Be2 Kf6 19. Nc5 e3 20. fxe3 Nxe3
21. Rde1 Nd4 22. Bd1 Nxd1 23. Rxd1 Bg4 24. Rdf1 Ne2+ 25. Kb1 Rd5 26. Ncb3 Bh3
27. Ne4+ Kg6 28. Rf2 fxe4 29. Rxe2 Re8 30. Rhe1 Bf5 31. Re3 h5 1/2-1/2

[Event "Madrid ch 2009/10 Semifinal A"]
[Site "Madrid ESP"]
[Date "2010.01.27"]
[Round "9.2"]
[White "Rodriguez Yuste, Marcelo"]
[Black "Pastor Alonso De Prado, Emilio A"]
[Result "1-0"]
[WhiteElo "2227"]
[BlackElo "2205"]
[PlyCount "63"]
[EventDate "2010.01.11"]
[EventType "swiss"]
[EventRounds "9"]
[EventCountry "ESP"]
[Source "lmi"]
[SourceDate "2010.01.11"]

1. d4 d5 2. e3 Nf6 3. f4 Bg4 4. Nf3 e6 5. Bd3 c5 6. c3 Nc6 7. O-O Be7 8. Nbd2
O-O 9. Qe1 Qc7 10. Ne5 Bf5 11. Be2 Ne4 12. Bf3 Nxd2 13. Qxd2 f6 14. Nxc6 bxc6
15. g4 Bg6 16. b3 a5 17. f5 Bf7 18. Qg2 a4 19. Rb1 axb3 20. axb3 e5 21. e4 cxd4
22. exd5 dxc3 23. dxc6 Bc5+ 24. Kh1 Rfd8 25. g5 Rd6 26. gxf6 Rxf6 27. Be4 h6
28. Rf3 Rd8 29. Be3 Bd5 30. Bxd5+ Rxd5 31. Rg3 Rfd6 32. Rg1 1-0

[Event "Madrid ch 2009/10 Semifinal A"]
[Site "Madrid ESP"]
[Date "2010.01.27"]
[Round "9.3"]
[White "Lopez De Turiso Sanchez, Jose A"]
[Black "Cabañas Jimenez, Andres"]
[Result "1/2-1/2"]
[WhiteElo "2106"]
[BlackElo "2174"]
[PlyCount "104"]
[EventDate "2010.01.11"]
[EventType "swiss"]
[EventRounds "9"]
[EventCountry "ESP"]
[Source "lmi"]
[SourceDate "2010.01.11"]

1. e4 c5 2. c3 d5 3. exd5 Qxd5 4. d4 Nf6 5. Nf3 Bg4 6. Be2 e6 7. O-O Nc6 8. Na3
cxd4 9. Nb5 Qd7 10. Nbxd4 Nxd4 11. Nxd4 Bxe2 12. Qxe2 Bc5 13. Rd1 O-O 14. Nb3
Qc6 15. Nxc5 Qxc5 16. Be3 Qc6 17. c4 Rfc8 18. Bf4 Ne8 19. b3 Rd8 20. Rd3 Rxd3
21. Qxd3 f6 22. Rd1 e5 23. Be3 b6 24. Qd7 Qxd7 25. Rxd7 h5 26. Kf1 Kh7 27. a4
Kg6 28. a5 bxa5 29. Bxa7 Kf5 30. Re7 Nd6 31. Rxg7 a4 32. bxa4 Nxc4 33. Rc7 Nd6
34. Bc5 Nc4 35. Ra7 Rb8 36. Ra6 Rb2 37. Be7 Ke4 38. Rxf6 Rb1+ 39. Ke2 Rb2+ 40.
Kd1 Ra2 41. h3 Rxa4 42. Bc5 Kd5 43. Be3 Nxe3+ 44. fxe3 Ra2 45. Rg6 Ke4 46. Rg5
h4 47. Ke1 Kxe3 48. Rxe5+ Kf4 49. Re2 Rxe2+ 50. Kxe2 Kg3 51. Kf1 Kf4 52. Kf2
Ke4 1/2-1/2

[Event "Madrid ch 2009/10 Semifinal A"]
[Site "Madrid ESP"]
[Date "2010.01.27"]
[Round "9.4"]
[White "Iagar, Razvan-Gabriel"]
[Black "Coleto Calderon, Jose Antonio"]
[Result "1/2-1/2"]
[WhiteElo "1980"]
[BlackElo "2114"]
[PlyCount "27"]
[EventDate "2010.01.11"]
[EventType "swiss"]
[EventRounds "9"]
[EventCountry "ESP"]
[Source "lmi"]
[SourceDate "2010.01.11"]

1. d4 d5 2. c4 c6 3. cxd5 cxd5 4. Nc3 Nf6 5. Nf3 Nc6 6. Bf4 e6 7. e3 Nh5 8. Bg5
Be7 9. Bxe7 Qxe7 10. Bb5 Bd7 11. Rc1 O-O 12. O-O Nf6 13. a3 Rac8 14. h3 1/2-1/2

[Event "Madrid ch 2009/10 Semifinal A"]
[Site "Madrid ESP"]
[Date "2010.01.27"]
[Round "9.5"]
[White "Perez Cameselle, Francisco"]
[Black "Rodriguez De Castro, Ayar"]
[Result "0-1"]
[WhiteElo "1944"]
[BlackElo "2113"]
[PlyCount "82"]
[EventDate "2010.01.11"]
[EventType "swiss"]
[EventRounds "9"]
[EventCountry "ESP"]
[Source "lmi"]
[SourceDate "2010.01.11"]

1. e4 e6 2. d3 d5 3. Nd2 Nf6 4. g3 b6 5. Bg2 Bb7 6. e5 Nfd7 7. Ngf3 c5 8. O-O
Qc7 9. Qe2 Nc6 10. Re1 Be7 11. c3 a5 12. a4 Ba6 13. Nf1 h6 14. h4 O-O 15. Bh3
d4 16. c4 Bb7 17. h5 Nb4 18. N1h2 Rae8 19. Bf4 Qc6 20. Bg2 Qc8 21. Ng4 Kh7 22.
Qd2 f5 23. exf6 Nxf6 24. Nxf6+ Bxf6 25. Bd6 Rf7 26. Rad1 Qd7 27. Bf4 e5 28.
Nxe5 Bxe5 29. Rxe5 Rxe5 30. Bxe5 Bxg2 31. Kxg2 Qc6+ 32. Kg1 Qf3 33. Bf4 Rf5 34.
Qe1 Nxd3 35. Rxd3 Qxd3 36. Qe8 Qd1+ 37. Kg2 Qxh5 38. Qe4 Qg6 39. Kf1 Rf7 40.
Qd5 Qf5 41. Qc6 g5 0-1

[Event "Madrid ch 2009/10 Semifinal A"]
[Site "Madrid ESP"]
[Date "2010.01.27"]
[Round "9.6"]
[White "Vazquez Gonzalez, Jesus"]
[Black "Lorenzo Bailador, Alfredo"]
[Result "1-0"]
[WhiteElo "2050"]
[BlackElo "2078"]
[PlyCount "113"]
[EventDate "2010.01.11"]
[EventType "swiss"]
[EventRounds "9"]
[EventCountry "ESP"]
[Source "lmi"]
[SourceDate "2010.01.11"]

1. e4 e5 2. Nc3 Nf6 3. Nf3 Nc6 4. Nxe5 Nxe5 5. d4 Nxe4 6. Nxe4 Ng6 7. Qe2 Qe7
8. Bg5 f6 9. Bd2 d5 10. Ng3 Qxe2+ 11. Bxe2 Bd6 12. Nh5 Kf7 13. O-O-O Re8 14.
Bf3 c6 15. h4 Bd7 16. g4 Kg8 17. Rdg1 Re7 18. Kd1 Rf7 19. Ng3 Ne7 20. Ne2 Re8
21. h5 Bc7 22. Rh4 Nc8 23. b3 Nd6 24. Bf4 Nb5 25. Bxc7 Nxc7 26. Kd2 Ne6 27. Bh1
Ng5 28. Ng3 Rfe7 29. f4 Nf7 30. c4 dxc4 31. bxc4 Nh6 32. f5 Nf7 33. Rb1 Bc8 34.
c5 Re3 35. Rb3 R3e7 36. Rh2 Rd8 37. Kc3 Nh6 38. Bf3 Rde8 39. Kc4 Kf8 40. a4 Nf7
41. Rd2 Re3 42. Rdd3 Rxd3 43. Rxd3 Re7 44. Ne4 Ke8 45. a5 a6 46. Nd6+ Nxd6+ 47.
cxd6 Re1 48. Rd1 Re3 49. Rd3 Re1 50. Bd1 Kd7 51. Kc5 Re4 52. h6 gxh6 53. Rh3
Re1 54. Bb3 Ra1 55. Be6+ Kd8 56. Rxh6 Re1 57. Rxf6 1-0